| 000 | 00450nam a2200169 i 4500 | ||
|---|---|---|---|
| 001 | 31473 | ||
| 003 | ES-MaACL | ||
| 005 | 20230906154403.0 | ||
| 007 | t| | ||
| 008 | 030129s1966 sp ||||1| spa d | ||
| 100 | 1 |
_aBenet, Juan. _927536 |
|
| 245 | 1 | 3 |
_aLa inspiración y el estilo / _cJuan Benet. |
| 260 |
_aMadrid : _bRevista de Occidente, _c[1966] |
||
| 300 |
_a160 p. ; _c22 cm. |
||
| 650 | 0 | 0 |
_aEstilística. _912551 |
| 852 |
_aES-MaACL _jC-30256 |
||
| 999 |
_c31473 _d31473 |
||